Regional-Global: dilemas da regiao e da regionalizacao na geografia contemporanea

Saved in:
Bibliografiske detaljer
Hovedforfatter: Haesbaert, Rogério (Author)
Format: Bog
Sprog:portugisisk
Udgivet: Río de Janeiro Bertrand Brasil 2018
Udgivelse:3a. ed
Fag:
Tags: Tilføj Tag
Ingen Tags, Vær først til at tagge denne postø!

MARC

LEADER 00000cam a2200000 a 4500
001 UCC4940
003 CL-VaPUC
008 180907e20180000bl |||||||||||||||||por|d
020 |a 9788528614459 
082 0 4 |a 304.201  |b HAE  |2 21 
100 |a Haesbaert, Rogério  |e author  |9 599184 
245 1 0 |a Regional-Global: dilemas da regiao e da regionalizacao na geografia contemporanea 
250 |a 3a. ed 
300 |a 208 p 
942 |c BK 
945 |d 20180907 13:03:00  |a dcastane 
260 |a Río de Janeiro  |b Bertrand Brasil  |c 2018 
650 0 |a Regionalización   |9 255465 
650 0 |a Globalización  |9 361930 
583 |a last modification  |c 20180907 13:03:00  |k Rodrigo Vera 
999 |c 372321  |d 372319 
952 |0 0  |1 0  |3 erb  |4 0  |6 304_201000000000000_HAE_2018  |7 0  |8 A  |9 489886  |a BIBING  |b BIBING  |i 5494109  |o 304.201 HAE 2018  |p 5494109  |r 2025-01-20  |w 2019-11-24  |y BK  |z Catalogado en:20180907  |k GEO